000 00562nam a2200205 a 4500
001 4275
003 CO-ViMGA
008 141112s2004 ck r 000 u spa d
040 _aCO-ViMGA
_bspa
_cCO-ViMGA
082 0 4 _a612.6 P657
100 1 _aPontificia Universidad Javeriana
245 1 0 _aFormación de la afectividad Vol. 9
260 _aSantafé de Bogotá :
_bEducar,
_c1997
300 _a199 p : il
490 _aEducación sexual
650 1 4 _aABORTO
_954841
650 1 4 _aPROSTITUCION
_95736
650 1 4 _aRELACIONES SEXUALES
_954842
942 _2ddc
_cBK
999 _c16288
_d16288